Microsoft PhotoDraw 2000 : Rozširujúca súčasť balíka Office, zameraná na obchodnú grafiku

Bibliographic Details
Main Author: Macko, Ondrej (Author)
Format: Article
Language:Slovak

MARC

LEADER 00000nab a2200000 a 4500
001 vtls010735164
003 SK-MaSNL
005 20260304194045.0
008 250709s2000 xo |||||||||||||||||slo|
035 |a (urnnbn)urn:nbn:sk:snk:ar-a05fch 
035 |a (uuid)4f375a3e-f6c4-4b4e-bd3e-3b93993dfab4 
035 |a urn:nbn:sk:snk-ab3wux 
040 |a SNKBUCL  |b slo  |c SNKBUCL  |e AACR2 
041 0 |a slo 
044 |a xo  |c SK 
100 1 |a Macko, Ondrej  |4 aut  |9 270160 
245 1 0 |a Microsoft PhotoDraw 2000 :  |b Rozširujúca súčasť balíka Office, zameraná na obchodnú grafiku  |c Ondrej Macko 
773 0 |t PC revue : sprievodca digitálnym svetom  |g Roč. 8, č. 3 (2000), s. 74-75 
850 |a Slovenská národná knižnica 
852 |a Slovenská národná knižnica 
954 |a odborná, vedecká literatúra pôvodná (slovenská)  |2 lita 
958 |a article1 
958 |a OND 
958 |a EUIPO 
999 |c 3071739  |d 3073669